000 01427cam a2200289 a 4500
001 4033067
005 20220815133456.0
008 980319s1998 nyua b 001 0 eng
010 _a 98016860
020 _a0070308683 (pbk.)
040 _aDLC
_cDLC
_dDLC
050 0 0 _aQA76.73.C153
_bH82 1998
082 0 0 _a005.133,HUB
_221
100 1 _aHubbard, J. R.
_q(John Rast),
_d1943-
_93689
245 1 0 _aSchaum's outline of theory and problems of fundamentals of computing with C++ /
_cJohn R. Hubbard.
246 3 0 _aTheory and problems of fundamentals of computing with C++
246 3 0 _aFundamentals of computing with C++
260 _aNew York :
_bMcGraw-Hill,
_cc1998.
300 _aviii, 356 p. :
_bill. ;
_c28 cm.
490 0 _aSchaum's outline series
505 _aIntroduction to Computing (Page-1), C++ Fundamentals (Page-24), Control Structures (Page-43), Functions (Page-67), Array (Page-88), Strings and Files (Page-109), Abstract Data Types (Page-137), Pointers (Page-178), Lists (Page-195), Standard Container Classes (Page-226), Recursion (Page-254), Trees (Page-276), Sorting (Page-303), Searching (Page-319).
650 0 _aC++ (Computer program language)
650 0 _aComputer science.
856 4 2 _3Publisher description
_uhttp://www.loc.gov/catdir/description/mh021/98016860.html
856 4 1 _3Table of contents
_uhttp://www.loc.gov/catdir/toc/mh021/98016860.html
942 _2ddc
_cBK
_k005.133,HUB
999 _c590984
_d590984